000 00565nam a2200181Ia 4500
005 20250508154000.0
008 008 250505s9999 xx 000 0 eng d
037 _aBooks to be hide in OPAC
040 _aFEDL
_beng
_cFEDL
041 _aeng
_2eng
084 _a313.37, UNI/O
_qFEDL
245 0 _aDigest of Educational Statistics
245 0 _cU S Department of Health, Education, and Welfare
260 _aWashington, USA
_bU.S. Government Printing Office
_c1963
300 _a145p.
942 _cHB
_h313.37, UNI/O
999 _c1346787
_d1346787